RFLP characterization of Indian Musa germplasm for clonal identification and classification (Record no. 67007)

MARC details
000 -LEADER
fixed length control field 00387nam a2200145Ia 4500
100 ## - MAIN ENTRY--AUTHOR NAME
Personal name Bhat K V
245 #0 - TITLE STATEMENT
Title RFLP characterization of Indian Musa germplasm for clonal identification and classification
260 ## - PUBLICATION, DISTRIBUTION, ETC. (IMPRINT)
Name of publisher Euphytica
Year of publication 1994
300 ## - PHYSICAL DESCRIPTION
Number of Pages 95-104
650 ## - SUBJECT ADDED ENTRY--TOPICAL TERM
Topical Term RFLP
700 ## - ADDED ENTRY--PERSONAL NAME
Personal name Jarret R L
700 ## - ADDED ENTRY--PERSONAL NAME
Personal name Liu Z W
942 ## - ADDED ENTRY ELEMENTS (KOHA)
Koha item type Journals
Holdings
Withdrawn status Lost status Damaged status Not for loan Home library Current library Shelving location Date acquired Serial Enumeration / chronology Koha item type
      Journals RRII Library RRII Library RFLP 17/12/2021 Volume 80, Issue 02-Jan Journals